| 000 | 00824 a2200241 4500 | ||
|---|---|---|---|
| 005 | 20080908172622.0 | ||
| 008 | 080908t xxu||||| |||| 00| 0 eng d | ||
| 010 | _aENG-91218 | ||
| 020 |
_a8186520120 _c280.00 |
||
| 035 | _aEN-74751 | ||
| 037 | _bDBAD / PUB | ||
| 040 |
_adpl _bEnglish |
||
| 082 | _a531 | ||
| 100 | _aSumathi, N. | ||
| 245 |
_aClassical and statistical mechanics / _cby N. Sumathi |
||
| 260 |
_aPeriyakulam, Theni Dist. _bSri Ram Publication _c2007 |
||
| 270 |
_a16, Veerakumar Street, Thenkarai, _bPeriyakulam, |
||
| 300 |
_a166p. _c24cm.(pbk) |
||
| 500 | _aIncludes index | ||
| 650 | _aMechanics | ||
| 942 |
_adpl _cEN _2ddc _mSUM _h531 |
||
| 999 |
_c16407 _d16407 |
||